Widok standardowy
Widok MARC
Pozycja Personal Name
Liczba rekordów, w których użyto hasła: 1
001 - Numer kontrolny
- control field: 39755
003 - Identyfikator numeru kontrolnego
- control field: NUKAT
005 - Data i czas ostatniej modyfikacji
- control field: 20260409122435.0
008 - Dane kontrolne kodowane (40 znaków)
- fixed length control field: 970717n||a|znnaabn |a aaa |c
010 ## - Numer kontrolny Biblioteki Kongresu
- numer kontrolny LC: n 97061257
040 ## - Instytucja sporządzająca rekord
- inst. przygot. dane do rek. khw: KR U/bs
- język haseł przedmiotowych/tezaurus: kaba
- inst. wprow. rek. khw: KR U/bs
- inst. modyf. rek. khw: KR U/bs
- inst. modyf. rek. khw: Ł U/AG
- inst. modyf. rek. khw: GD U/JD
- inst. modyf. rek. khw: WR O/KPs
100 1# - Hasło - nazwa osobowa
- nazwa osobowa w formie ujednoliconej: Kurtyka, Janusz
- daty biograficzne: (1960-2010).
670 ## - Źródło informacji
- źródło informacji: Kp. Słownik historyczno-geograficzny województwa krakowskiego w średniowieczu. T. 5 Cz. 2, Z. 3 / oprac. Janusz Kurtyka [et al.]. - Wrocław [etc.], 1991.
670 ## - Źródło informacji
- źródło informacji: Tęczyńscy / Janusz Kurtyka. - Kraków, 1997.
670 ## - Źródło informacji
- źródło informacji: Strona Gazety Wyborczej, 10.04.10, nekrolog
- gdzie znaleziono informację: (Katastrofa samolotu Prezydenta Rzeczypospolitej Polskiej w dniu 10.04.2010 na lotnisku wojskowym "Severnyj" koło Smoleńska)
- adres internetowy: http://wyborcza.pl/